[Event "SEMI Traxler theme-B corr"]
[Site "SEMI email"]
[Date "2000.11.10"]
[Round "?"]
[White "Biondi, Piero"]
[Black "Bradley, Joseph"]
[Result "1-0"]
[WhiteElo "1466"]
[BlackElo "1923"]
[PlyCount "87"]
[EventDate "2000.11.10"]
[EventType "tourn (corr)"]
[EventRounds "6"]
[EventCountry "ITA"]
[SourceTitle "Corr 2008"]
[Source "ChessBase"]
[SourceDate "2008.06.24"]
[SourceVersion "1"]
[SourceVersionDate "2008.06.24"]
[SourceQuality "1"]

1. e4 e5 2. Nf3 Nc6 3. Bc4 Nf6 4. Ng5 Bc5 5. Nxf7 Bxf2+ 6. Kxf2 Nxe4+ 7. Ke3 Qh4 8. g3 Nxg3 9. hxg3 Qd4+ 10. Kf3 d5 11. Rh4 e4+ 12. Kg2 0-0 13. Bb3 Rxf7 14. Rf4 Rxf4 15. gxf4 Be6 16. Nc3 Rf8 17. Qh5 Rd8 18. Qh4 Rf8 19. Ne2 Qb6 20. Qf2 Qa6 21. Ng3 Na5 22. Qe2 Qxe2+ 23. Nxe2 c5 24. d3 exd3 25. cxd3 Nxb3 26. axb3 Bf5 27. d4 Bg4 28. Ng1 a6 29. dxc5 Bd1 30. b4 Re8 31. Nf3 Be2 32. Bd2 Bd3 33. Kg3 Re2 34. Re1 Rxe1 35. Bxe1 g6 36. Ne5 Be4 37. Bc3 Kf8 38. Kh4 Ke8 39. Kg5 Ke7 40. Ng4 Kf7 41. Nf6 h5 42. Nxe4 dxe4 43. Bd4 h4 44. Kxh4 1-0

[Event "SEMI Traxler theme-B corr"]
[Site "SEMI email"]
[Date "2000.11.10"]
[Round "?"]
[White "Bradley, Joseph"]
[Black "Biondi, Piero"]
[Result "0-1"]
[WhiteElo "1923"]
[BlackElo "1466"]
[PlyCount "80"]
[EventDate "2000.11.10"]
[EventType "tourn (corr)"]
[EventRounds "6"]
[EventCountry "ITA"]
[SourceTitle "Corr 2008"]
[Source "ChessBase"]
[SourceDate "2008.06.24"]
[SourceVersion "1"]
[SourceVersionDate "2008.06.24"]
[SourceQuality "1"]

1. e4 e5 2. Nf3 Nc6 3. Bc4 Nf6 4. Ng5 Bc5 5. Nxf7 Bxf2+ 6. Kxf2 Nxe4+ 7. Ke3 Qh4 8. g3 Nxg3 9. hxg3 Qd4+ 10. Kf3 d5 11. Rh4 e4+ 12. Kg2 0-0 13. Bb3 Rxf7 14. Qe2 Be6 15. d3 Raf8 16. Rf4 Rxf4 17. gxf4 Rf6 18. Qe3 Rg6+ 19. Kf1 Bh3+ 20. Kf2 Rg2+ 21. Ke1 Rg1+ 22. Kd2 Qxe3+ 23. Kxe3 Rxc1 24. Bxd5+ Kf8 25. Kd2 Rf1 26. Bxe4 h5 27. a4 h4 28. a5 Bc8 29. Ke2 Rc1 30. Kd2 Rg1 31. a6 h3 32. Kc3 h2 33. b3 Nd8 34. Kb2 bxa6 35. d4 Bf5 36. Bd5 Ne6 37. Nd2 Nxd4 38. c3 Nc2 39. Ra5 g6 40. Bc6 Ne1 0-1

[Event "SEMI Keres Attack theme"]
[Site "SEMI email"]
[Date "1999.??.??"]
[Round "?"]
[White "Bradley, Joseph"]
[Black "Perez, Giorgio"]
[Result "0-1"]
[WhiteElo "1871"]
[BlackElo "2002"]
[PlyCount "36"]
[EventDate "1999.07.15"]
[EventType "tourn (corr)"]
[EventRounds "6"]
[EventCountry "ITA"]
[SourceTitle "Corr 2008"]
[Source "ChessBase"]
[SourceDate "2008.06.24"]
[SourceVersion "1"]
[SourceVersionDate "2008.06.24"]
[SourceQuality "1"]

1. e4 c5 2. Nf3 d6 3. d4 cxd4 4. Nxd4 Nf6 5. Nc3 e6 6. g4 Nc6 7. g5 Nd7 8. Be3 a6 9. Qh5 g6 10. Qh4 Bg7 11. 0-0-0 h6 12. Nxc6 bxc6 13. Rxd6 hxg5 14. Qxg5 Bf6 15. Qg3 Bxc3 16. bxc3 Qa5 17. Rxc6 Bb7 18. Rc4 Qxa2 0-1

[Event "SEMI Kings Indian Class theme"]
[Site "SEMI email"]
[Date "1999.??.??"]
[Round "?"]
[White "Kamaluddin, Yusof"]
[Black "Bradley, Joseph"]
[Result "1-0"]
[WhiteElo "2063"]
[BlackElo "1881"]
[PlyCount "115"]
[EventDate "1999.01.??"]
[EventType "tourn (corr)"]
[EventRounds "9"]
[EventCountry "ITA"]
[SourceTitle "Corr 2008"]
[Source "ChessBase"]
[SourceDate "2008.06.24"]
[SourceVersion "1"]
[SourceVersionDate "2008.06.24"]
[SourceQuality "1"]

1. d4 Nf6 2. c4 g6 3. Nc3 Bg7 4. e4 d6 5. Nf3 0-0 6. Be2 e5 7. 0-0 Nc6 8. d5 Ne7 9. Ne1 Ne8 10. Be3 f5 11. f3 c5 12. dxc6 bxc6 13. Qd2 f4 14. Bf2 Be6 15. Rd1 Qc7 16. b4 Rd8 17. b5 Nf6 18. bxc6 Nxc6 19. Nc2 Qf7 20. Nd5 Rb8 21. Rb1 Nd7 22. Ncb4 Nxb4 23. Nxb4 Nb6 24. Nd5 Rfc8 25. Rfc1 Na4 26. Bh4 Bxd5 27. Rxb8 Rxb8 28. cxd5 Rb2 29. Qa5 Nc5 30. Ba6 Nxa6 31. Qxa6 Bf8 32. Qc8 Rb7 33. Bd8 Qd7 34. Qxd7 Rxd7 35. Bc7 h5 36. a4 Kf7 37. a5 Be7 38. a6 Ke8 39. Bb8 Kd8 40. Kf1 g5 41. h3 Bf8 42. Rc6 Be7 43. Ke2 Bf8 44. Kd3 g4 45. hxg4 hxg4 46. Kc4 gxf3 47. gxf3 Rg7 48. Kb5 Rg1 49. Rc4 Rb1+ 50. Rb4 Rc1 51. Bxa7 Kc8 52. Rc4+ Rxc4 53. Kxc4 Kc7 54. Kb5 Be7 55. Bb6+ Kb8 56. Kc6 Ka8 57. Kd7 Bh4 58. Kxd6 1-0